Realidad jurídico - social de la mujer costarricense /

Сохранить в:
Библиографические подробности
Главный автор: Salvatierra, Leda
Соавтор: Comisión Interamericana de Mujeres
Другие авторы: Suñol, Amira Trejos, Ana María
Формат: Текст
Опубликовано: San José: Comisión Interamericana de Mujeres
Метки: Добавить метку
Нет меток, Требуется 1-ая метка записи!

MARC

LEADER 00000 a a2200000 04500
001 24778
003
040
090 |a 173400  
100 |a Salvatierra, Leda  
110 |a Comisión Interamericana de Mujeres  
245 |a Realidad jurídico - social de la mujer costarricense /  |c Leda Salvatierra 
260 |a San José:   |b Comisión Interamericana de Mujeres  
300 |a 117 p   |b **no definido**  
700 |a Suñol, Amira   |a Trejos, Ana María  
999 |c 16799  |d 16799